| 000 | 01106nam a2200289Ia 4500 | ||
|---|---|---|---|
| 000 | nam a22 i 4500 | ||
| 001 | UNACH-14886 | ||
| 007 | ta | ||
| 008 | 221212s ||||fr|||| 00| | spa d | ||
| 020 | _a978-6-07-707338-3 | ||
| 041 | 0 | _aspa | |
| 082 | 0 | 4 |
_a372.21 _bEstimulación temprana - Preescolar |
| 100 | 1 |
_aRoger Lorenzo, Imma, _eautor |
|
| 245 | 1 | 0 |
_aEducación emocional en la escuela : _bActividades para el aula, dirigidas a niños de 8 a 9 años |
| 264 | 3 | 1 |
_aMéxico : _bAlfaomega Grupo Editor S.A, _c2013 |
| 300 |
_a231 páginas : _bgráficos, tablas |
||
| 336 |
_atexto _btxt _2rdacontent |
||
| 337 |
_ano mediado _bn _2rdamedia |
||
| 338 |
_avolumen _bnc _2rdacarrier |
||
| 504 | _aIncluye contenido, Biblioghrafía | ||
| 505 | 0 | _aEducación emocional.-- Cómo utilizar este libro ideas para el profesorado.-- La conciencia emocional.-- La regulación emocional.-- La autonomia emocional.-- La competencia social.--Las comptencias para la vida y el bienestara. | |
| 650 | 1 | 4 | _aJUEGOS |
| 650 | 2 | 4 | _aMATERIALES CURRICULARES |
| 650 | 2 | 4 | _aMETAS |
| 942 |
_2ddc _c1 _n0 |
||
| 999 |
_c11232 _d11232 |
||